<La> Economía Cubana 1980

Na minha lista:
Detalhes bibliográficos
Formato: Livro
Idioma:espanhol
Publicado em: Habana Comité estatal de estadísticas 1980
Tags: Adicionar Tag
Sem tags, seja o primeiro a adicionar uma tag!

MARC

LEADER 00000nam a2200000 4500
001 c142327
005 20041019155324.5
041 0 |a spa 
044 |a CU 
245 1 0 |a <La> Economía Cubana 1980 
264 1 |a Habana  |b Comité estatal de estadísticas  |c 1980 
300 |a 20 s.